Carregando...

Bichali /

Detalhes bibliográficos
Autor principal: Jerom
Formato: Printed Book
Idioma:Hindi
Publicado em: Shiksha Bharathi , 1964.
Assuntos:
LEADER 00457nam a2200157Ia 4500
008 150624b xxu||||| |||| 00| d hin d
082 |a 862.812 
100 |a Jerom 
245 |c Jerom  |a Bichali / 
260 |b Shiksha Bharathi ,  |c 1964. 
300 |a 48 p. 
546 |a In Hindi. 
650 |v Drama 
942 |c BK 
999 |c 89883  |d 89883 
952 |0 1  |1 0  |4 0  |6 862_812000000000000_ASU_H  |7 0  |9 89827  |a UL  |b UL  |c ST1  |d 1998-09-15  |l 0  |o 862.812 ASU H  |p 26220  |r 2012-10-27  |w 2012-10-27  |y BK